000 00577nam a2200193 i 4500
001 62931
003 ES-MaACL
005 20231229063016.0
007 t|
008 031126s1967 sp ||||1| spa d
100 1 _aFernández Cuenca, Carlos,
_d1904-1977
_949611
245 1 0 _aG. W. Pabst /
_cCarlos Fernández Cuenca.
260 _aMadrid :
_bFilmoteca Nacional de España,
_c1967.
300 _a109 p. ;
_c21 cm.
600 1 4 _aPablot, G. W.
_9168076
852 _aES-MaACL
_jC-49956
_bR.68598
852 _aES-MaACL
_jC-34411
_bR.64512
999 _c62931
_d62931